Library Banner

The assessment of bilingual aphasia / (Record no. 118249)

MARC details
000 -LEADER
fixed length control field 00671pam a2200229 a 4500
001 - CONTROL NUMBER
control field 1934534
005 - DATE AND TIME OF LATEST TRANSACTION
control field 20200818182141.0
008 - FIXED-LENGTH DATA ELEMENTS--GENERAL INFORMATION
fixed length control field 861114s1987 njua b 001 0 eng c
020 ## - INTERNATIONAL STANDARD BOOK NUMBER
International Standard Book Number 0898596505
040 ## - CATALOGING SOURCE
Transcribing agency PK-LaUMT
082 00 - DEWEY DECIMAL CLASSIFICATION NUMBER
Classification number 616.8552
Edition number 19
Item number PARA
100 1# - MAIN ENTRY--PERSONAL NAME
Personal name Paradis, Michel
245 14 - TITLE STATEMENT
Title The assessment of bilingual aphasia /
Statement of responsibility, etc by Michel Paradis ; with the collaboration of Gary Libben
260 ## - PUBLICATION, DISTRIBUTION, ETC. (IMPRINT)
Place of publication, distribution, etc New York :
Name of publisher, distributor, etc Psychology Press,
Date of publication, distribution, etc 1987
300 ## - PHYSICAL DESCRIPTION
Extent xv, 241 p. :
Other physical details ill. ;
Dimensions 24 cm.
500 ## - GENERAL NOTE
General note Includes index.
650 #0 - SUBJECT ADDED ENTRY--TOPICAL TERM
Topical term or geographic name as entry element Aphasia
General subdivision Diagnosis.
650 #0 - SUBJECT ADDED ENTRY--TOPICAL TERM
Topical term or geographic name as entry element Bilingualism.
650 #2 - SUBJECT ADDED ENTRY--TOPICAL TERM
Topical term or geographic name as entry element Aphasia
General subdivision diagnosis.
700 1# - ADDED ENTRY--PERSONAL NAME
Personal name Libben, Gary.
942 ## - ADDED ENTRY ELEMENTS (KOHA)
Koha item type Books
Holdings
Withdrawn status Lost status Damaged status Home library Current library Date acquired Full call number Barcode Date last seen Price effective from Koha item type
      UMT Main Campus UMT Main Campus 2020-08-18 616.8552 PARA 134512 2025-09-01 2020-08-18 Books